Mediterranean type shrublands
Сохранить в:
| Главные авторы: | , , |
|---|---|
| Формат: | |
| Язык: | английский |
| Опубликовано: |
Amsterdam
Elsevier Scientific
1981
|
| Серии: | Ecosystems of the World, 11
|
| Предметы: | |
| Метки: |
Добавить метку
Нет меток, Требуется 1-ая метка записи!
|
MARC
| LEADER | 00000nam a2200000 a 4500 | ||
|---|---|---|---|
| 001 | UCU1726 | ||
| 003 | CL-VaPUC | ||
| 008 | 960412e19810000NE |||||||||||||||||eng|d | ||
| 082 | 0 | 4 | |a 577 |b DIC |2 21 |
| 100 | |a Di Castri, Francesco |e author |9 299491 | ||
| 700 | 0 | |a Goodall, David W |e author |9 357429 | |
| 700 | 0 | |a Specht, Raymond L |e author |9 357430 | |
| 245 | 1 | 0 | |a Mediterranean type shrublands |
| 300 | |a 643 p | ||
| 942 | |c BK | ||
| 945 | |d 19960412 00:00:00 |a rleighto | ||
| 260 | |a Amsterdam |b Elsevier Scientific |c 1981 | ||
| 650 | 0 | |a Ecología |9 258124 | |
| 650 | 0 | |a Ecosistemas |9 261477 | |
| 650 | 7 | |a CLIMA MEDITERRANEO |2 CL-VaPUC |9 261835 | |
| 650 | 0 | |a Desarrollo físico |9 334273 | |
| 650 | 0 | |a Geografía física |9 259347 | |
| 650 | 0 | |a Distribución geográfica |9 260005 | |
| 650 | 7 | |a FLORA |2 CL-VaPUC |9 264745 | |
| 650 | 7 | |a FAUNA |2 CL-VaPUC |9 349523 | |
| 651 | 7 | |a CALIFORNIA |2 CL-VaPUC |9 264797 | |
| 651 | 0 | |a Australia |9 262077 | |
| 651 | 0 | |a Africa del sur |9 357431 | |
| 583 | |a last modification |c 19960412 00:00:00 |k Rodrigo Vera | ||
| 490 | 0 | |a Ecosystems of the World, 11 | |
| 999 | |c 246247 |d 246245 | ||
| 952 | |0 0 |1 0 |4 0 |6 577_000000000000000_DIC_1981 |7 0 |8 A |9 261049 |a BIBCUR |b BIBCUR |d 2019-11-19 |i 3188698 |o 577 DIC 1981 |p 3188698 |r 2025-04-22 |w 2019-11-19 |y BK |k BCB | ||